[Event "World Chess Olympiad 2018"]
[Site "Batumi"]
[Date "2018.09.30"]
[Round "6"]
[Board "3"]
[WhiteFideId "10500219"]
[White "Yussof Pg Abd Rahman"]
[BlackFideId "9205365"]
[Black "Naser Eldean Ahmed"]
[Result "1-0"]
[LiveChessVersion "1.4.8"]
[BlackElo "1906"]
[WhiteElo "1854"]

1. d4 {[%clk 1:30:29]} Nf6 {[%clk 1:30:13]} 2. Nf3 {[%clk 1:30:14]} g6
{[%clk 1:30:32]} 3. c4 {[%clk 1:30:07]} Bg7 {[%clk 1:30:54]} 4. Nc3
{[%clk 1:29:05]} d5 {[%clk 1:31:10]} 5. Bf4 {[%clk 1:28:02]} O-O {[%clk 1:30:28]}
6. e3 {[%clk 1:25:10]} c6 {[%clk 1:29:23]} 7. Rc1 {[%clk 1:23:39]} Bg4
{[%clk 1:24:53]} 8. h3 {[%clk 1:20:33]} Bxf3 {[%clk 1:24:56]} 9. Qxf3
{[%clk 1:20:21]} Qa5 {[%clk 1:22:57]} 10. Bd3 {[%clk 1:16:03]} dxc4
{[%clk 1:20:13]} 11. Bxc4 {[%clk 1:16:14]} Qb4 {[%clk 1:20:39]} 12. Qe2
{[%clk 1:13:27]} b5 {[%clk 1:15:09]} 13. Bb3 {[%clk 1:10:38]} a5 {[%clk 1:15:35]}
14. O-O {[%clk 1:09:36]} a4 {[%clk 1:11:53]} 15. Bd1 {[%clk 1:09:09]} Nbd7
{[%clk 1:10:46]} 16. a3 {[%clk 1:05:29]} Qa5 {[%clk 1:10:58]} 17. Na2
{[%clk 1:02:15]} Rac8 {[%clk 1:07:25]} 18. e4 {[%clk 0:57:21]} Nb6
{[%clk 1:07:01]} 19. Nb4 {[%clk 0:55:54]} Qa8 {[%clk 1:07:18]} 20. Nd3
{[%clk 0:48:21]} Rfd8 {[%clk 1:04:57]} 21. Be5 {[%clk 0:44:34]} Nc4
{[%clk 1:04:02]} 22. f4 {[%clk 0:40:23]} Nh5 {[%clk 0:59:15]} 23. Bxg7
{[%clk 0:37:50]} Ng3 {[%clk 0:54:46]} 24. Qf2 {[%clk 0:36:09]} Nxf1
{[%clk 0:55:13]} 25. Bh6 {[%clk 0:33:18]} Nfd2 {[%clk 0:53:59]} 26. Nc5
{[%clk 0:31:39]} Qa7 {[%clk 0:46:32]} 27. Bg4 {[%clk 0:29:41]} Ra8
{[%clk 0:45:31]} 28. f5 {[%clk 0:29:26]} Nb3 {[%clk 0:43:06]} 29. fxg6
{[%clk 0:26:54]} hxg6 {[%clk 0:39:42]} 30. Rf1 {[%clk 0:26:59]} Ne5
{[%clk 0:08:09]} 31. Nxb3 {[%clk 0:22:19]} axb3 {[%clk 0:08:31]} 32. Be3
{[%clk 0:21:23]} Nxg4 {[%clk 0:01:03]} 33. Qxf7+ {[%clk 0:16:32]} Kh8
{[%clk 0:01:32]} 34. Qxg6 {[%clk 0:14:59]} Nf6 {[%clk 0:01:50]} 35. Rf4
{[%clk 0:14:35]} Nh7 {[%clk 0:01:09]} 36. Rf7 {[%clk 0:14:40]} 1-0

[Event "World Chess Olympiad 2018"]
[Site "Batumi"]
[Date "2018.09.30"]
[Round "6"]
[Board "1"]
[WhiteFideId "7300069"]
[White "Reyes Najera Carlos A."]
[BlackFideId "1018000"]
[Black "Blijstra Wim"]
[Result "0-1"]
[LiveChessVersion "1.4.8"]
[BlackElo "2211"]
[WhiteElo "2149"]

1. d4 {[%clk 1:30:56]} Nf6 {[%clk 1:30:21]} 2. Nf3 {[%clk 1:31:16]} e6
{[%clk 1:29:21]} 3. c4 {[%clk 1:31:38]} Bb4+ {[%clk 1:26:29]} 4. Bd2
{[%clk 1:30:37]} Be7 {[%clk 1:26:44]} 5. Nc3 {[%clk 1:30:25]} d5 {[%clk 1:26:29]}
6. Qc2 {[%clk 1:30:34]} O-O {[%clk 1:26:30]} 7. e4 {[%clk 1:29:40]} dxe4
{[%clk 1:23:26]} 8. Nxe4 {[%clk 1:29:58]} Nbd7 {[%clk 1:23:49]} 9. Bd3
{[%clk 1:20:26]} Nxe4 {[%clk 1:23:43]} 10. Bxe4 {[%clk 1:20:54]} Nf6
{[%clk 1:24:01]} 11. O-O-O {[%clk 1:13:57]} c5 {[%clk 1:21:59]} 12. Bc3
{[%clk 1:12:18]} Qc7 {[%clk 1:21:29]} 13. Rhe1 {[%clk 1:11:35]} cxd4
{[%clk 1:10:54]} 14. Bxd4 {[%clk 1:10:54]} Nxe4 {[%clk 1:06:32]} 15. Rxe4
{[%clk 1:11:19]} f6 {[%clk 1:06:50]} 16. Rh4 {[%clk 1:05:50]} g6 {[%clk 1:05:52]}
17. Rg4 {[%clk 1:01:00]} Rf7 {[%clk 1:03:01]} 18. Be3 {[%clk 0:42:54]} e5
{[%clk 1:02:18]} 19. Rg3 {[%clk 0:34:19]} Be6 {[%clk 0:54:14]} 20. b3
{[%clk 0:24:36]} Rc8 {[%clk 0:54:26]} 21. Kb1 {[%clk 0:24:55]} b5
{[%clk 0:54:18]} 22. Nh4 {[%clk 0:21:49]} Bf8 {[%clk 0:47:01]} 23. Nxg6 Bg7
{[%clk 0:32:38]} 24. Nh4 {[%clk 0:05:51]} bxc4 {[%clk 0:31:17]} 25. Nf5
{[%clk 0:05:40]} cxb3 {[%clk 0:29:15]} 26. Nh6+ {[%clk 0:06:07]} Kf8
{[%clk 0:28:31]} 27. Qc5+ {[%clk 0:01:59]} Qxc5 {[%clk 0:28:40]} 28. Bxc5+
{[%clk 0:02:27]} Rxc5 {[%clk 0:29:09]} 29. Nxf7 {[%clk 0:02:49]} bxa2+
{[%clk 0:29:20]} 30. Ka1 {[%clk 0:03:05]} Kxf7 {[%clk 0:29:42]} 31. Ra3
{[%clk 0:03:12]} Rc7 {[%clk 0:30:00]} 32. Ra6 {[%clk 0:02:57]} f5
{[%clk 0:29:34]} 0-1

[Event "World Chess Olympiad 2018"]
[Site "Batumi"]
[Date "2018.09.30"]
[Round "6"]
[Board "2"]
[WhiteFideId "7501013"]
[White "Bemmelen van Ursus"]
[BlackFideId "7300662"]
[Black "Cu Hor Winston Darwin"]
[Result "0-1"]
[LiveChessVersion "1.4.8"]
[BlackElo "2319"]
[WhiteElo "2152"]

1. Nf3 {[%clk 1:30:55]} d5 {[%clk 1:30:42]} 2. c4 {[%clk 1:31:14]} e6
{[%clk 1:31:06]} 3. b3 {[%clk 1:31:22]} d4 {[%clk 1:31:22]} 4. e3
{[%clk 1:30:35]} c5 {[%clk 1:31:40]} 5. Bb2 {[%clk 1:30:45]} Nc6 {[%clk 1:31:50]}
6. exd4 {[%clk 1:30:31]} cxd4 {[%clk 1:32:09]} 7. d3 {[%clk 1:27:04]} Nf6
{[%clk 1:30:02]} 8. g3 {[%clk 1:27:14]} e5 {[%clk 1:25:27]} 9. Bg2
{[%clk 1:27:31]} Bb4+ {[%clk 1:25:37]} 10. Nbd2 {[%clk 1:26:16]} Bf5
{[%clk 1:25:37]} 11. Qe2 {[%clk 1:08:19]} O-O {[%clk 1:16:32]} 12. O-O
{[%clk 0:48:26]} Re8 {[%clk 1:15:08]} 13. Nh4 {[%clk 0:44:51]} Bg4
{[%clk 1:14:09]} 14. f3 {[%clk 0:43:52]} Be6 {[%clk 1:11:25]} 15. Ne4
{[%clk 0:42:00]} Nd7 {[%clk 1:07:25]} 16. Bh1 {[%clk 0:37:41]} f5
{[%clk 1:06:21]} 17. Nf2 {[%clk 0:37:47]} a5 {[%clk 1:05:04]} 18. a3
{[%clk 0:38:01]} Be7 {[%clk 1:05:08]} 19. Ng2 {[%clk 0:38:19]} Nc5
{[%clk 1:04:16]} 20. b4 {[%clk 0:37:33]} axb4 {[%clk 0:57:00]} 21. axb4
{[%clk 0:38:00]} Rxa1 {[%clk 0:55:36]} 22. Rxa1 {[%clk 0:28:19]} Nxb4
{[%clk 0:45:39]} 23. Qxe5 {[%clk 0:28:27]} Bf8 {[%clk 0:40:10]} 24. Ne1
{[%clk 0:10:31]} Nb3 {[%clk 0:32:05]} 25. Rb1 {[%clk 0:10:05]} Bd7
{[%clk 0:30:26]} 0-1

[Event "World Chess Olympiad 2018"]
[Site "Batumi"]
[Date "2018.09.30"]
[Round "6"]
[Board "3"]
[WhiteFideId "7300220"]
[White "Ortiz Q Johnny Alexander"]
[BlackFideId "7501005"]
[Black "Capella Rurik"]
[Result "1/2-1/2"]
[LiveChessVersion "1.4.8"]
[BlackElo "1979"]
[WhiteElo "2207"]

1. e4 {[%clk 1:30:55]} Nf6 {[%clk 1:30:18]} 2. e5 {[%clk 1:31:05]} Nd5
{[%clk 1:30:32]} 3. d4 {[%clk 1:31:06]} d6 {[%clk 1:30:25]} 4. Bc4
{[%clk 1:30:52]} dxe5 {[%clk 1:26:03]} 5. dxe5 {[%clk 1:30:12]} c6
{[%clk 1:25:51]} 6. Nc3 {[%clk 1:25:13]} e6 {[%clk 1:24:51]} 7. Qe2
{[%clk 1:18:30]} Nd7 {[%clk 1:20:08]} 8. a3 {[%clk 1:15:05]} Nxc3
{[%clk 1:14:19]} 9. bxc3 {[%clk 1:15:32]} Qa5 {[%clk 1:14:39]} 10. Qd2
{[%clk 1:09:32]} Nxe5 {[%clk 1:09:37]} 11. Bb3 {[%clk 1:09:02]} Be7
{[%clk 1:07:20]} 12. Ne2 {[%clk 1:08:26]} O-O {[%clk 1:06:48]} 13. O-O
{[%clk 1:08:46]} b6 {[%clk 1:04:32]} 14. Qf4 {[%clk 1:02:57]} Ba6
{[%clk 0:59:08]} 15. c4 {[%clk 1:02:05]} Ng6 {[%clk 0:56:30]} 16. Qf3
{[%clk 1:00:12]} Bb7 {[%clk 0:41:47]} 17. Bb2 {[%clk 0:53:03]} Nh4 18. Qg3
{[%clk 0:34:25]} Ng6 {[%clk 0:34:23]} 19. Rad1 {[%clk 0:26:14]} Rad8
{[%clk 0:32:41]} 20. Nf4 {[%clk 0:19:55]} Bh4 21. Qg4 {[%clk 0:15:10]} Qg5
{[%clk 0:12:48]} 22. Qxg5 {[%clk 0:15:18]} Bxg5 {[%clk 0:13:15]} 23. Nh5
{[%clk 0:15:34]} Nf4 {[%clk 0:10:20]} 24. h4 {[%clk 0:08:57]} Nxh5
{[%clk 0:06:21]} 25. hxg5 {[%clk 0:09:22]} c5 {[%clk 0:06:01]} 26. Be5
{[%clk 0:07:55]} f6 {[%clk 0:05:02]} 27. gxf6 {[%clk 0:07:26]} gxf6
{[%clk 0:05:16]} 28. Bc7 {[%clk 0:04:25]} Rc8 {[%clk 0:04:32]} 29. Bd6
{[%clk 0:04:40]} Rf7 {[%clk 0:04:25]} 30. Bh2 {[%clk 0:03:06]} Rg7
{[%clk 0:02:59]} 31. f3 {[%clk 0:03:27]} Ng3 {[%clk 0:02:32]} 32. Rfe1
{[%clk 0:01:53]} Nf5 {[%clk 0:02:33]} 33. Rxe6 {[%clk 0:02:00]} Bxf3
{[%clk 0:02:46]} 34. Rd2 {[%clk 0:02:04]} Nd4 {[%clk 0:02:52]} 35. Rxf6
{[%clk 0:02:26]} Re8 {[%clk 0:02:38]} 36. Kf1 {[%clk 0:02:11]} Bh5
{[%clk 0:01:52]} 37. Bg1 {[%clk 0:01:57]} Be2+ {[%clk 0:01:34]} 38. Kf2
{[%clk 0:02:17]} Rf7 {[%clk 0:02:03]} 39. Rxf7 {[%clk 0:02:29]} Kxf7
{[%clk 0:02:32]} 40. Ba4 {[%clk 0:31:21]} Re6 {[%clk 0:32:11]} 41. c3
{[%clk 0:30:57]} Rf6+ {[%clk 0:28:51]} 42. Ke3 {[%clk 0:31:15]} Re6+
{[%clk 0:20:24]} 1/2-1/2

[Event "World Chess Olympiad 2018"]
[Site "Batumi"]
[Date "2018.09.30"]
[Round "6"]
[Board "4"]
[WhiteFideId "7500041"]
[White "Izijk Jimmy"]
[BlackFideId "7300239"]
[Black "Lorenzana Wilson Estuardo"]
[Result "0-1"]
[LiveChessVersion "1.4.8"]
[BlackElo "2292"]
[WhiteElo "1995"]

1. d4 {[%clk 1:29:27]} Nf6 {[%clk 1:30:52]} 2. Nf3 {[%clk 1:29:46]} g6
{[%clk 1:31:13]} 3. c4 {[%clk 1:29:44]} Bg7 {[%clk 1:31:33]} 4. Nc3
{[%clk 1:29:46]} O-O {[%clk 1:30:58]} 5. g3 {[%clk 1:29:27]} d6 {[%clk 1:31:22]}
6. Bg2 {[%clk 1:29:53]} Nbd7 {[%clk 1:31:45]} 7. e4 {[%clk 1:27:02]} e5
{[%clk 1:32:07]} 8. O-O {[%clk 1:27:13]} exd4 {[%clk 1:26:30]} 9. Nxd4
{[%clk 1:27:26]} c6 {[%clk 1:26:55]} 10. Bf4 {[%clk 1:22:22]} Ne5
{[%clk 1:26:43]} 11. b3 {[%clk 1:22:13]} Nh5 {[%clk 1:25:04]} 12. Bxe5
{[%clk 1:07:16]} dxe5 {[%clk 1:22:50]} 13. Nc2 {[%clk 1:06:10]} Qe7
{[%clk 1:22:56]} 14. Qe2 {[%clk 1:06:10]} Be6 {[%clk 1:22:10]} 15. Rad1
{[%clk 1:06:16]} Nf6 {[%clk 1:20:55]} 16. Rd3 {[%clk 1:04:46]} a6
{[%clk 1:19:28]} 17. Ne3 {[%clk 0:57:39]} Rfd8 {[%clk 1:19:05]} 18. Rfd1
{[%clk 0:57:50]} Rxd3 {[%clk 1:19:00]} 19. Qxd3 {[%clk 0:58:01]} Bf8
{[%clk 1:19:24]} 20. h4 {[%clk 0:55:25]} Qc7 {[%clk 1:18:37]} 21. Kh2
{[%clk 0:54:24]} Qa5 {[%clk 1:17:00]} 22. a4 {[%clk 0:51:06]} Be7
{[%clk 1:16:04]} 23. Bh3 {[%clk 0:48:03]} Rd8 {[%clk 1:15:18]} 24. Qc2
{[%clk 0:48:05]} Bxh3 {[%clk 1:14:42]} 25. Rxd8+ {[%clk 0:46:55]} Qxd8
{[%clk 1:15:10]} 26. Kxh3 {[%clk 0:47:16]} Qd4 {[%clk 1:15:25]} 27. Ng4
{[%clk 0:44:34]} Qd7 {[%clk 1:15:45]} 28. Qd1 {[%clk 0:44:23]} Qc8
{[%clk 1:16:09]} 29. f3 {[%clk 0:37:19]} h5 {[%clk 1:16:30]} 0-1

[Event "World Chess Olympiad 2018"]
[Site "Batumi"]
[Date "2018.09.30"]
[Round "6"]
[Board "1"]
[WhiteFideId "7400179"]
[White "Elliott Warren"]
[BlackFideId "9700072"]
[Black "Chinasamy Devarajen"]
[Result "1-0"]
[LiveChessVersion "1.4.8"]
[BlackElo "1993"]
[WhiteElo "2206"]

1. d4 {[%clk 1:30:56]} d5 {[%clk 1:30:55]} 2. c4 {[%clk 1:31:09]} c6
{[%clk 1:31:16]} 3. Nf3 {[%clk 1:31:17]} Nf6 {[%clk 1:31:34]} 4. Qc2
{[%clk 1:30:56]} dxc4 {[%clk 1:31:37]} 5. Qxc4 {[%clk 1:31:15]} Bf5
{[%clk 1:31:41]} 6. Nc3 {[%clk 1:30:32]} e6 {[%clk 1:31:57]} 7. g3
{[%clk 1:28:58]} Nbd7 {[%clk 1:31:49]} 8. Bg2 {[%clk 1:29:15]} Be7
{[%clk 1:31:28]} 9. O-O {[%clk 1:29:29]} O-O {[%clk 1:30:08]} 10. e3
{[%clk 1:13:29]} Ne4 {[%clk 1:23:40]} 11. Rd1 {[%clk 1:11:54]} Qc8
{[%clk 1:16:15]} 12. Ne1 {[%clk 0:59:37]} Nxc3 {[%clk 1:07:34]} 13. bxc3
{[%clk 0:57:17]} Bg6 {[%clk 1:06:21]} 14. Qb3 {[%clk 0:50:13]} Qc7
{[%clk 1:01:02]} 15. e4 {[%clk 0:44:19]} e5 {[%clk 0:51:23]} 16. Rb1
{[%clk 0:33:43]} Rab8 {[%clk 0:45:23]} 17. f4 {[%clk 0:33:21]} exd4
{[%clk 0:37:50]} 18. cxd4 {[%clk 0:33:43]} Kh8 {[%clk 0:33:53]} 19. Be3
{[%clk 0:23:24]} f5 {[%clk 0:29:54]} 20. e5 {[%clk 0:23:21]} Nb6 {[%clk 0:27:16]}
21. Rbc1 {[%clk 0:21:05]} Qd8 {[%clk 0:25:18]} 22. d5 {[%clk 0:19:48]} cxd5
{[%clk 0:25:00]} 23. Bxd5 {[%clk 0:18:54]} Nxd5 {[%clk 0:21:07]} 24. Rxd5
{[%clk 0:19:03]} Qe8 {[%clk 0:20:05]} 25. Bxa7 {[%clk 0:18:53]} Rc8
{[%clk 0:19:37]} 26. Rdd1 {[%clk 0:13:16]} Bh5 {[%clk 0:14:20]} 27. Nf3
{[%clk 0:06:05]} Rxc1 {[%clk 0:08:19]} 28. Rxc1 {[%clk 0:06:31]} Qa8
{[%clk 0:07:17]} 29. Bf2 {[%clk 0:06:52]} b6 {[%clk 0:04:32]} 30. Ne1
{[%clk 0:05:02]} h6 {[%clk 0:03:26]} 31. Qxb6 {[%clk 0:04:12]} Qxa2
{[%clk 0:03:32]} 32. Qb7 {[%clk 0:04:05]} Re8 {[%clk 0:03:18]} 33. Rc8
{[%clk 0:03:48]} Qe6 {[%clk 0:03:14]} 34. Rxe8+ {[%clk 0:02:17]} Bxe8
{[%clk 0:03:36]} 35. Qa8 {[%clk 0:02:24]} Qc6 {[%clk 0:03:45]} 36. Qxc6
{[%clk 0:02:07]} Bxc6 {[%clk 0:04:08]} 37. Bb6 {[%clk 0:00:40]} Kg8
{[%clk 0:04:06]} 38. Nc2 {[%clk 0:00:56]} Kf7 {[%clk 0:03:20]} 39. Kf2
{[%clk 0:01:13]} Be4 {[%clk 0:03:09]} 40. Nd4 {[%clk 0:31:10]} g6
{[%clk 0:32:30]} 41. Ke3 {[%clk 0:30:14]} Ba3 {[%clk 0:29:11]} 42. Nb5
{[%clk 0:28:54]} Bb4 {[%clk 0:28:54]} 43. Kd4 {[%clk 0:28:25]} Bc6
{[%clk 0:25:20]} 44. Nc7 {[%clk 0:25:55]} Ba3 {[%clk 0:21:12]} 45. Bc5
{[%clk 0:19:23]} Bb2+ {[%clk 0:20:38]} 46. Kc4 {[%clk 0:19:45]} Bc1
{[%clk 0:13:30]} 47. Bb4 {[%clk 0:11:53]} Be3 {[%clk 0:06:57]} 48. e6+
{[%clk 0:11:49]} Kg7 {[%clk 0:05:59]} 49. Bc5 {[%clk 0:07:58]} Bd2
{[%clk 0:05:41]} 50. Bd4+ {[%clk 0:07:51]} Kf8 {[%clk 0:05:18]} 51. Kc5
{[%clk 0:07:39]} Ba4 {[%clk 0:05:02]} 52. Kd6 {[%clk 0:06:23]} Bb4+
{[%clk 0:04:52]} 53. Bc5 {[%clk 0:05:57]} Bxc5+ {[%clk 0:05:06]} 54. Kxc5
{[%clk 0:06:22]} Ke7 {[%clk 0:05:05]} 55. Kd5 {[%clk 0:06:44]} g5
{[%clk 0:03:01]} 56. Ke5 {[%clk 0:06:59]} gxf4 {[%clk 0:02:19]} 57. gxf4
{[%clk 0:07:11]} Kd8 {[%clk 0:01:58]} 1-0

[Event "World Chess Olympiad 2018"]
[Site "Batumi"]
[Date "2018.09.30"]
[Round "6"]
[Board "2"]
[WhiteFideId "9700110"]
[White "Goorsahye Antoine"]
[BlackFideId "7400330"]
[Black "Lorne Ras Malaku"]
[Result "0-1"]
[LiveChessVersion "1.4.8"]
[BlackElo "2161"]
[WhiteElo "1793"]

1. d4 {[%clk 1:30:52]} Nf6 {[%clk 1:30:49]} 2. c4 {[%clk 1:31:06]} e6
{[%clk 1:31:06]} 3. g3 {[%clk 1:31:07]} d5 {[%clk 1:31:06]} 4. Bg2
{[%clk 1:31:26]} Bb4+ {[%clk 1:30:44]} 5. Bd2 {[%clk 1:30:58]} Be7
{[%clk 1:30:58]} 6. Nf3 {[%clk 1:30:50]} O-O {[%clk 1:31:08]} 7. O-O
{[%clk 1:30:44]} c6 {[%clk 1:30:57]} 8. Qb3 {[%clk 1:29:58]} Ne4 {[%clk 1:30:24]}
9. Bf4 {[%clk 1:28:47]} Nd7 {[%clk 1:30:03]} 10. Nc3 {[%clk 1:28:17]} f5
{[%clk 1:29:38]} 11. Ne5 {[%clk 1:22:29]} Nxe5 {[%clk 1:28:54]} 12. dxe5
{[%clk 1:21:31]} Nc5 {[%clk 1:16:48]} 13. Qc2 {[%clk 1:21:00]} dxc4
{[%clk 1:15:48]} 14. Rfd1 {[%clk 1:20:17]} Qc7 {[%clk 1:15:49]} 15. h4
{[%clk 1:15:45]} Rb8 {[%clk 1:15:13]} 16. Rd4 {[%clk 1:12:20]} b5
{[%clk 1:13:46]} 17. Rad1 {[%clk 1:11:17]} Bb7 {[%clk 1:01:43]} 18. a4
{[%clk 1:07:46]} a6 {[%clk 1:01:45]} 19. e4 {[%clk 1:03:48]} g6 {[%clk 1:01:51]}
20. exf5 {[%clk 1:03:05]} gxf5 {[%clk 1:01:53]} 21. Qe2 {[%clk 1:00:05]} Nd3
{[%clk 0:56:18]} 22. R1xd3 {[%clk 0:55:09]} cxd3 {[%clk 0:56:31]} 23. Qxd3
{[%clk 0:54:36]} Rfd8 {[%clk 0:55:52]} 24. Rd6 {[%clk 0:54:20]} b4
{[%clk 0:54:27]} 25. Ne2 {[%clk 0:51:20]} c5 {[%clk 0:53:43]} 26. Qc4
{[%clk 0:50:49]} Bxd6 {[%clk 0:48:01]} 27. exd6 {[%clk 0:49:32]} Rxd6
{[%clk 0:46:55]} 28. Bxd6 {[%clk 0:43:41]} Qxd6 {[%clk 0:47:18]} 29. Nf4
{[%clk 0:43:12]} Bxg2 {[%clk 0:46:42]} 30. Kxg2 {[%clk 0:43:17]} Kf7
{[%clk 0:46:19]} 31. Nd3 {[%clk 0:42:55]} Rd8 {[%clk 0:45:22]} 32. Nxc5
{[%clk 0:42:30]} Qc6+ {[%clk 0:45:36]} 33. f3 {[%clk 0:41:13]} Rc8
{[%clk 0:45:02]} 0-1

[Event "World Chess Olympiad 2018"]
[Site "Batumi"]
[Date "2018.09.30"]
[Round "6"]
[Board "3"]
[WhiteFideId "7400268"]
[White "Rowe Duane"]
[BlackFideId "9700250"]
[Black "Raimbert Ronald"]
[Result "1-0"]
[LiveChessVersion "1.4.8"]
[BlackElo "1747"]
[WhiteElo "2147"]

1. e4 {[%clk 1:30:57]} e5 {[%clk 1:30:58]} 2. Nf3 {[%clk 1:31:03]} Nc6
{[%clk 1:31:27]} 3. Bc4 {[%clk 1:31:23]} Bc5 {[%clk 1:31:56]} 4. c3
{[%clk 1:31:45]} Bb6 {[%clk 1:32:20]} 5. b4 {[%clk 1:31:01]} d6 {[%clk 1:32:32]}
6. a4 {[%clk 1:28:47]} a6 {[%clk 1:32:57]} 7. d3 {[%clk 1:27:25]} Nf6
{[%clk 1:33:12]} 8. O-O {[%clk 1:25:42]} Qe7 {[%clk 1:32:29]} 9. Nbd2
{[%clk 1:22:41]} Ba7 {[%clk 1:28:04]} 10. Ba3 {[%clk 1:13:34]} O-O
{[%clk 1:23:32]} 11. b5 {[%clk 1:05:27]} Nb8 {[%clk 1:23:23]} 12. d4
{[%clk 1:04:10]} Nbd7 {[%clk 1:23:43]} 13. Qc2 {[%clk 1:00:58]} Nh5
{[%clk 1:19:37]} 14. g3 {[%clk 0:57:17]} Kh8 {[%clk 1:12:37]} 15. Be2
{[%clk 0:50:58]} Nhf6 {[%clk 1:09:04]} 16. Nc4 {[%clk 0:50:59]} exd4
{[%clk 1:08:37]} 17. e5 {[%clk 0:51:19]} Ne8 {[%clk 1:07:47]} 18. cxd4
{[%clk 0:48:57]} axb5 {[%clk 1:05:12]} 19. axb5 {[%clk 0:49:16]} c5
{[%clk 1:04:19]} 20. bxc6 {[%clk 0:48:03]} bxc6 {[%clk 1:01:30]} 21. Nxd6
{[%clk 0:48:16]} c5 {[%clk 1:00:40]} 22. Ne4 {[%clk 0:31:12]} Bb7
{[%clk 0:57:03]} 23. dxc5 {[%clk 0:27:14]} Bc6 {[%clk 0:55:46]} 24. Neg5
{[%clk 0:23:53]} g6 {[%clk 0:55:51]} 25. Nd4 {[%clk 0:21:41]} Nb8
{[%clk 0:51:22]} 26. Nxc6 {[%clk 0:18:42]} Nxc6 {[%clk 0:51:51]} 27. Qe4
{[%clk 0:18:45]} Rc8 {[%clk 0:51:35]} 28. Qh4 {[%clk 0:19:03]} f6
{[%clk 0:50:12]} 29. exf6 {[%clk 0:18:52]} Nxf6 {[%clk 0:50:40]} 30. Bb2
{[%clk 0:14:40]} Rc7 {[%clk 0:50:27]} 31. Nxh7 {[%clk 0:11:33]} 1-0

[Event "World Chess Olympiad 2018"]
[Site "Batumi"]
[Date "2018.09.30"]
[Round "6"]
[Board "4"]
[WhiteFideId "9700099"]
[White "Marie Patrick"]
[BlackFideId "7402074"]
[Black "Christie Joshua"]
[Result "0-1"]
[LiveChessVersion "1.4.8"]
[BlackElo "2198"]
[WhiteElo "1955"]

1. e4 {[%clk 1:30:54]} e6 {[%clk 1:30:49]} 2. b3 {[%clk 1:30:46]} d5
{[%clk 1:30:40]} 3. Bb2 {[%clk 1:31:10]} dxe4 {[%clk 1:24:04]} 4. Nc3
{[%clk 1:31:28]} Nf6 {[%clk 1:24:25]} 5. Qe2 {[%clk 1:31:49]} Bb4
{[%clk 1:21:55]} 6. O-O-O {[%clk 1:32:02]} Bxc3 {[%clk 1:20:09]} 7. dxc3
{[%clk 1:28:45]} Qe7 {[%clk 1:19:32]} 8. g4 {[%clk 1:29:02]} h6 {[%clk 1:18:06]}
9. Bg2 {[%clk 1:22:44]} Bd7 {[%clk 1:16:34]} 10. f3 {[%clk 1:20:25]} e5
{[%clk 1:10:54]} 11. fxe4 {[%clk 1:16:07]} Bc6 {[%clk 1:04:59]} 12. Nh3
{[%clk 1:11:07]} Nbd7 {[%clk 1:04:36]} 13. Nf2 {[%clk 1:10:30]} O-O-O
{[%clk 1:03:11]} 14. Rd2 {[%clk 1:09:12]} Nc5 {[%clk 0:56:59]} 15. Rhd1
{[%clk 1:09:32]} Ne6 {[%clk 0:36:11]} 16. Rxd8+ {[%clk 1:06:50]} Rxd8
{[%clk 0:36:08]} 17. Rxd8+ {[%clk 1:07:19]} Kxd8 {[%clk 0:31:31]} 18. Nd3
{[%clk 1:01:25]} Nf4 {[%clk 0:04:52]} 19. Nxf4 {[%clk 0:47:22]} exf4
{[%clk 0:05:21]} 20. Qf2 {[%clk 0:47:19]} Bxe4 {[%clk 0:03:14]} 21. Bf1
{[%clk 0:41:48]} Bc6 {[%clk 0:02:33]} 22. c4 {[%clk 0:41:32]} Nxg4
{[%clk 0:01:31]} 23. Qd2+ {[%clk 0:40:23]} Qd6 {[%clk 0:01:01]} 24. Bxg7
{[%clk 0:30:42]} Qxd2+ {[%clk 0:00:48]} 25. Kxd2 {[%clk 0:31:10]} Nxh2
{[%clk 0:00:51]} 26. Ke1 {[%clk 0:30:55]} Nxf1 {[%clk 0:00:37]} 27. Kxf1
{[%clk 0:31:24]} h5 {[%clk 0:00:54]} 28. Kf2 {[%clk 0:31:13]} Be4
{[%clk 0:01:08]} 29. c3 {[%clk 0:31:34]} Bb1 {[%clk 0:00:47]} 30. a3
{[%clk 0:31:25]} Ba2 {[%clk 0:00:45]} 31. b4 {[%clk 0:31:54]} Bxc4
{[%clk 0:00:54]} 32. Kf3 {[%clk 0:32:23]} Kd7 {[%clk 0:00:48]} 33. Kxf4
{[%clk 0:32:38]} Ke6 {[%clk 0:00:40]} 34. Bd4 {[%clk 0:28:31]} b6
{[%clk 0:00:42]} 35. Kg5 {[%clk 0:21:30]} Be2 {[%clk 0:00:50]} 36. Kf4
{[%clk 0:04:47]} Kd5 {[%clk 0:00:42]} 37. Ke3 {[%clk 0:05:06]} Bg4
{[%clk 0:00:51]} 38. Bf6 {[%clk 0:01:26]} Kc4 {[%clk 0:00:47]} 39. a4
{[%clk 0:01:00]} Bd1 {[%clk 0:00:40]} 40. a5 {[%clk 0:30:55]} bxa5
{[%clk 0:30:40]} 41. bxa5 {[%clk 0:31:24]} Kb5 {[%clk 0:30:49]} 42. Kd4
{[%clk 0:31:49]} Bb3 {[%clk 0:29:13]} 43. Bd8 {[%clk 0:31:50]} Kxa5
{[%clk 0:26:02]} 44. Bxc7+ {[%clk 0:32:18]} Kb5 {[%clk 0:26:13]} 45. Be5
{[%clk 0:28:59]} h4 {[%clk 0:23:43]} 46. Ke3 {[%clk 0:25:28]} Be6
{[%clk 0:22:03]} 47. Bf6 {[%clk 0:15:39]} h3 {[%clk 0:22:32]} 48. Kf3
{[%clk 0:16:07]} Kc4 {[%clk 0:22:16]} 0-1